000 00656 a2200193 4500
020 _a082134398X (paperback)
020 _a9780821343982 (paperback)
082 0 4 _a352.4238091724
090 _c5113
_d5113
100 1 _aHashim, Ali.
245 1 0 _aInformation systems for government fiscal management /
_cAli Hashim, Bill Allan.
260 _a[S.l.] :
_bWorld Bank Publications,
_c1998.
300 _a40 p. ;
_c27 cm.
490 1 _aSector studies series.
700 1 _aAllan, Bill.
830 0 _aSector studies series.
856 4 0 _3Amazon.com
_uhttp://www.amazon.com/exec/obidos/ASIN/082134398X/chopaconline-20
942 _aNBS
_cBK
_k352.4238091724 HAS
999 _c347535
_d347535